Normal view
MARC view
- Sufism -- Islam
Entry Topical Term
001 - CONTROL NUMBER
- control field: 37223
003 - CONTROL NUMBER IDENTIFIER
- control field: NUST
005 - DATE AND TIME OF LATEST TRANSACTION
- control field: 20210314130224.0
008 - FIXED-LENGTH DATA ELEMENTS
- fixed length control field: 210314|| aca||aabn | a|a d
040 ## - CATALOGING SOURCE
- Original cataloging agency: NUST
- Transcribing agency: NUST
150 ## - HEADING--TOPICAL TERM
- Topical term or geographic name entry element: Sufism -- Islam
670 ## - SOURCE DATA FOUND
- Source citation: Work cat.: (NUST): Hamidullah, Muhammad 6037, Spiritual life in Islam, 1989
